00743nam a2200217 a 450000100100000000500170001000800410002704000250006808200170009310000140011024500950012426000390021930000360025849000140029450000410030850000430034953400760039270000280046870000150049683000140051100002467520200930023314.0110202s1969 sp ad r 000 0 spa d aDO-SdBNPbspacBNPHU axxxxxbM612g1 aMeyer, J.10aGestión presupuestaria /cJ. Meyer ; traducción Pablo Gil Castro ; prefacio Jean Poly. aBilbao, España :bDeusto,c1969. a271 p. :bil, diagrs. ;c21 cm.1 aGestión aIncluye bibliografía p. [269-271]. aIncluye notas al pie de las páginas. pTítulo original en francés:tGestion budgétaire,cParís : Dunod1 aGil Castro, Pablo,etr.1 aPoly, Jean 0aGestión